000 00509 a2200169 4500
005 20250611121003.0
020 _a978-0-07-337944-9
082 _a657WIL
100 _aWild J. John
245 _aCollege Accounting
250 _a5th Ed.
260 _aNew york
_bMcGraw-Hill/Irwin
_c2008
300 _axxxiv, 845p ill, picture, table, diagram
_bAppendix, Index
_c29cm
700 _aRichardson J. Vernon, Shaw W. Ken
856 _yAccess Online Book
_fCollege Accounting
_dwww.mhhe.com/wildCA
942 _2ddc
_cBKS
999 _c3753
_d3753